Zákony 2003 úplné znenia zákonov pre verejnú správu, školy a obce a súvisiace predpisy platné k 1.1.2003 V. Rozpočtové pravidlá. Zákon o verejnej službe. Zákon o štátnej službe. Školský zákon. Financovanie škôl. Zákon o obecnom zriadení. Samosprávne kraje

Bibliographic Details
Corporate Author: Slovensko (Author)
Format: Book
Language:Slovak
PhysicalDescription:448 strán tabuľky 21 cm
Published: Žilina Poradca 2003
Subjects:

MARC

LEADER 00000cam a2200000 a 4500
001 vtls001448818
003 SK-MaSNL
005 20260426001831.0
008 240226s2003 xo grfln 000 0 slo
015 |a SNBI2003/02-00740 
035 |a SNK000404084 
035 |a urn:nbn:sk:snk-am3j0nw 
035 |a E7A9155C-75BC-4E03-A6E0-3DD65DE83E9E 
035 |a urn:nbn:sk:snk-am00gmbt 
040 |a SNK  |b slo  |c SNK  |e AACR2 
041 0 |a slo 
043 |a e-xo--- 
044 |a xo  |c SK 
072 7 |a 35  |x Verejná správa  |2 konspekt 
072 7 |a 349  |x Pracovné, sociálne, stavebné právo. Právo životného prostredia  |2 konspekt 
072 7 |a 347.7  |x Obchodné právo. Finančné právo. Právo priemyselného vlastníctva. Patentové právo. Autorské právo  |2 konspekt 
080 |a 349.2:349.3:347.73:351.83:331.1:340.133(094.5)  |2 1997 
080 |a 349.3  |2 1997 
080 |a 347.73  |2 1997 
080 |a 351.83  |2 1997 
080 |a 331.1  |2 1997 
080 |a 340.133  |2 1997 
080 |a 35  |2 2011 
080 |a 373/378  |2 2011 
080 |a 911.373  |2 2011 
080 |a 349.2  |2 2011 
080 |a 347.73  |2 2011 
080 |a 349.3  |2 2011 
080 |a (437.6)  |2 2011 
080 |a (094.5)  |2 2011 
080 |a (035)  |2 2011 
110 1 |a Slovensko  |4 aut  |9 266955 
245 1 0 |a Zákony 2003  |b úplné znenia zákonov pre verejnú správu, školy a obce a súvisiace predpisy platné k 1.1.2003  |n V.  |p Rozpočtové pravidlá. Zákon o verejnej službe. Zákon o štátnej službe. Školský zákon. Financovanie škôl. Zákon o obecnom zriadení. Samosprávne kraje 
260 |a Žilina  |b Poradca  |c 2003 
300 |a 448 strán  |b tabuľky  |c 21 cm 
504 |a Obsahuje bibliografické odkazy 
648 7 |a 2003  |2 SNKPH  |9 301018 
650 0 7 |a pracovné právo  |2 SNKPH  |9 982 
650 0 7 |a finančné právo  |2 SNKPH  |9 2223 
650 0 7 |a sociálne právo  |2 SNKPH  |9 68477 
650 0 7 |a verejná správa  |2 SNKPH  |9 1538 
650 0 7 |a školy  |2 SNKPH  |9 1276 
650 0 7 |a obce  |2 SNKPH  |9 2935 
651 7 |a Slovensko  |2 SNKPHgeo  |9 14231 
655 7 |a zákony  |2 SNKPH  |9 70186 
655 7 |a právne predpisy  |2 SNKPH  |9 70481 
655 7 |a príručky  |2 SNKPH  |9 74364 
958 |a TL 
958 |a NB 
958 |a OND 
999 |c 901261  |d 903191 
952 |t P60, <04>, [BOOK], {604}  |a SNK  |b SNK  |y VYP  |7 0  |p 17A0372933  |o snkSC 110638 D1  |i snkKSP 1582/2003  |0 0  |1 0  |4 0  |d 2003-02-06  |l 0  |r 2005-01-02 00:00:00  |w 2026-02-24 
952 |t P66, <07>, [BOOK], {667}  |a SNK  |b SNK  |y VYP  |7 0  |p 17A0372934  |o snkSC 110638 D2  |i snkKSP 1583/2003  |0 0  |1 0  |4 0  |d 2003-02-06  |l 0  |r 2005-01-02 00:00:00  |w 2026-02-24 
952 |t P60, <03>, [BOOK], {603}  |a SNK  |b SNK  |y PREZ  |7 0  |p 17A0372932  |o snkSC 110638  |i snkKSP 1581/2003  |0 0  |1 0  |4 0  |d 2003-02-06  |f 1  |l 0  |r 2025-10-01 00:00:00  |w 2026-02-24